00964 a2200217 4500020001600000022001600016082001200032090001300044100001900057245006200076250001200138260005400150300003300204500001900237650005900256942002000315999001500335952013200350952013200482952013200614 a 0130221260 a 0130221260 a621.382 c669d669 aTomasi, Wayne. aAdvanced electronic communications systemscWayne. Tomasi a5th ed. aNew Delhi :bPrentice Hall of India Ltd.,cc2001. axi, 498 p. :bill. ;c26 cm. aIncludes Index a1.Digital communications. 2.Telecommunication systems. cBKk621.382 TOM c4649d4649 001040708NFICaCLbCLcGENd2003-03-26eAllied Book Companyg282.65l0o621.382 TOMpSEECS003208r2012-11-14w2017-01-05yBK 001040708NFICaCLbCLcGENd2003-03-26eAllied Book Companyg282.65l0o621.382 TOMpSEECS003210r2012-11-14w2017-01-05yBK 001040708NFICaCLbCLcGENd2003-03-26eAllied Book Companyg282.65l0o621.382 TOMpSEECS003209r2012-11-14w2017-01-05yBK